Online Catalogue and eLibrary

Gender and society : (Record no. 2631)

MARC details
000 -LEADER
fixed length control field 00447nam a2200157Ia 4500
005 - DATE AND TIME OF LATEST TRANSACTION
control field 20240419013541.0
008 - FIXED-LENGTH DATA ELEMENTS--GENERAL INFORMATION
fixed length control field 240331s9999 xx 000 0 und d
020 ## - INTERNATIONAL STANDARD BOOK NUMBER
ISBN 955905211X
082 ## - DDC Classification
Item Number - Author Mark GEN
Class No. 331.4
245 #0 - TITLE STATEMENT
Title Gender and society :
Remainder of title some contemporary issues
Statement of responsibility, etc. Center for women's Research.
260 ## - PUBLICATION, DISTRIBUTION, ETC.
Place of publication, distribution, etc. Colombo :
Name of publisher, distributor, etc. Centre for women's research ( CENWOR)
Date of publication, distribution, etc. 1992.
300 ## - PHYSICAL DESCRIPTION
Extent (e.g. Volumes, Pages etc.) 69 P .,
650 ## - SUBJECT ADDED ENTRY--TOPICAL TERM
Topical term or geographic name entry element Women
700 ## - ADDED ENTRY--PERSONAL NAME
Personal name Cenwor
Relator term (Role) Editor
942 ## - Koha item type (Biblio)
Koha item type Books in Stacks (Lending)
Holdings
Lost status Damaged status Collection code Home library Current library Shelving location Date acquired Full call number Accession Number Item type
    Lending WERC Library WERC Library Social Science Cupboard 03/31/2024 331.46 GEN 1348 Books in Stacks (Lending)

© WERC Library